000 01139cam a2200229 4500
001 WB3820-24
008 020529n2002 000 0 eng u
035 _a(Sirsi) u118204
245 _aRICS members to vote on professional service
260 _c2002
490 _aRICS Press Release
_v(pr054) 27 May 2002 (2)
520 _aThe RICS is to offer members a protection fund to support members who are sued regarding advice that they have given on behalf of employers following the recent "Merrett and Babb" case. The decision to establish a 'Member's support' service will be put to the vote by special resolution at RICS HQ on 1 July 2002. For further information contact Alexandra Currie at RICS press office on +44 (0)20 76951628 or [email protected] RICS News Release http://www.rics.org/ricscms/bin/show?class=PressRelease&template=/includes/showpr.html&id=744
590 _aWB
650 _aMERRETT V BABB
650 _aNEGLIGENCE CLAIMS
650 _aPERSONAL LIABILITY
650 _aINSURANCE POLICIES
650 _aINSURANCE ISSUES
650 _aRICS
690 _aPROFESSIONAL PRACTICE-NEGLIGENCE
942 _n0
999 _c70387
_d70387